skbl

Dr Suryya Kumar Bhuyan Library Web-OPAC
ডঃ সূৰ্য্য
কুমাৰ ভূঞা পুথিভঁৰাল ৱেব-অ'পেক

All Research Scholars are advised to clear the annual library fees to continue using Library Resources, Remote Access, Plagiarism Test and Library Clearance.

Cotton University Book Fair 2026

Dev damudar / (Record no. 1579)

MARC details
000 -LEADER
fixed length control field 00467nam a2200169Ia 4500
001 - CONTROL NUMBER
control field 1583
008 - FIXED-LENGTH DATA ELEMENTS--GENERAL INFORMATION
fixed length control field 201217s ii a g b000 u asm u
082 ## - DEWEY DECIMAL CLASSIFICATION NUMBER
Classification number 294.5
100 ## - MAIN ENTRY--PERSONAL NAME
Personal name Bordaloi, Rajani Kanta .
245 #0 - TITLE STATEMENT
Title Dev damudar /
Statement of responsibility, etc. Rajani Kanta Bordaloi.
Medium Textual Documents
260 ## - PUBLICATION, DISTRIBUTION, ETC.
Place of publication, distribution, etc. Guwahati :
Name of publisher, distributor, etc. Rajani Kanta Bordaloi ,
Date of publication, distribution, etc. 1958.
300 ## - PHYSICAL DESCRIPTION
Extent 35p. :
Other physical details ill ;
Dimensions 12cm .
500 ## - GENERAL NOTE
General note 35/Ref/Ass
653 ## - INDEX TERM--UNCONTROLLED
Uncontrolled term Religious book
653 ## - INDEX TERM--UNCONTROLLED
Uncontrolled term Ref-Assamese
942 ## - ADDED ENTRY ELEMENTS (KOHA)
Source of classification or shelving scheme Dewey Decimal Classification
Koha item type Books
Holdings
Withdrawn status Lost status Damaged status Not for loan Home library Current library Date acquired Coded location qualifier Total checkouts Full call number Barcode Date last seen Copy number Price effective from Koha item type
      Not for loan Dr. Suryya Kumar Bhuyan Library Dr. Suryya Kumar Bhuyan Library 01/02/2012 00000   294.5 B 235 Sr 35/Ass 13/01/2024 1 01/02/2012 Books

Designed and Maintained by Team SKBL
©1901-2026

Powered by Koha